[Event "Oberliga Nord O 2122"]
[Site "Germany"]
[Date "2021.11.21"]
[Round "2.2"]
[White "Fidorra, Thomas"]
[Black "Skibbe, Willi"]
[Result "1-0"]
[WhiteElo "2073"]
[BlackElo "2182"]
[PlyCount "95"]
[EventDate "2021.10.31"]
[EventType "team-tourn"]
[EventRounds "9"]
[EventCountry "GER"]
[SourceTitle "EXT 2023"]
[Source "ChessBase"]
[SourceDate "2022.10.05"]
[SourceVersion "1"]
[SourceVersionDate "2022.10.05"]
[SourceQuality "1"]
[WhiteTeam "Guestrow/Teterow"]
[BlackTeam "Greifswald"]
[WhiteTeamCountry "GER"]
[BlackTeamCountry "GER"]

1. e4 c5 2. Nf3 Nc6 3. Bb5 g6 4. Bxc6 dxc6 5. 0-0 Bg7 6. d3 Nf6 7. Nbd2 Nd7 8. Qe2 e5 9. a4 Nf8 10. Nc4 Qc7 11. a5 Ne6 12. c3 h6 13. Be3 0-0 14. Rfd1 Rd8 15. g3 Rb8 16. b4 b6 17. axb6 axb6 18. bxc5 bxc5 19. Ra5 Rb5 20. Rda1 f5 21. Ra7 Bb7 22. exf5 gxf5 23. Qa2 Re8 24. Rb1 Kh8 25. Na5 Nd8 26. Rxb5 cxb5 27. Nxb7 Nxb7 28. Qa6 Re7 29. Bxh6 b4 30. Ng5 bxc3 31. Qg6 Bxh6 32. Qxh6+ Kg8 33. Qg6+ Kh8 34. Qh6+ Kg8 35. Ra8+ Nd8 36. Ne6 c2 37. Qg6+ Kh8 38. Qh6+ Kg8 39. Qg6+ Kh8 40. Qh6+ Kg8 41. Rxd8+ Qxd8 42. Nxd8 f4 43. Qg6+ Kh8 44. Qf6+ Kg8 45. Qxe7 c1Q+ 46. Kg2 f3+ 47. Kxf3 Qd1+ 48. Kg2 1-0

[Event "Mecklenburg VP VL 1516"]
[Site "Mecklenburg VP"]
[Date "2016.04.10"]
[Round "8.4"]
[White "Dittrich, Carsten"]
[Black "Fidorra, Thomas"]
[Result "0-1"]
[WhiteElo "1828"]
[BlackElo "1940"]
[PlyCount "40"]
[EventDate "2015.09.20"]
[EventType "team-tourn"]
[EventRounds "9"]
[EventCountry "GER"]
[SourceTitle "EXT 2022"]
[Source "ChessBase"]
[SourceDate "2021.10.06"]
[SourceVersion "1"]
[SourceVersionDate "2021.10.06"]
[SourceQuality "1"]
[WhiteTeam "Schwerin SF IV"]
[BlackTeam "Guestrow/Teterow"]
[WhiteTeamCountry "GER"]
[BlackTeamCountry "GER"]

1. d4 Nf6 2. Nf3 d5 3. e3 c5 4. dxc5 Qa5+ 5. Bd2 Qxc5 6. c4 dxc4 7. Qa4+ b5 8. Bb4 Qb6 9. Qa3 Nc6 10. Bc5 b4 11. Bxb6 bxa3 12. Nxa3 axb6 13. Nb5 Ra5 14. 0-0-0 e6 15. Nc7+ Ke7 16. b3 cxb3 17. Bb5 bxa2 18. Kb2 Ra7 19. Bxc6 Rxc7 20. Ne5 Nd7 0-1

[Event "GER-chT Lands U20"]
[Site "Hannover"]
[Date "2015.10.05"]
[Round "4.1"]
[White "Schmidek, Emil"]
[Black "Fidorra, Thomas"]
[Result "1-0"]
[WhiteElo "2149"]
[BlackElo "1940"]
[PlyCount "87"]
[EventDate "2015.10.03"]
[EventType "team-swiss"]
[EventRounds "7"]
[EventCountry "GER"]
[SourceTitle "CBM 168 Extra"]
[Source "ChessBase"]
[SourceDate "2015.10.29"]
[SourceVersion "1"]
[SourceVersionDate "2015.10.29"]
[SourceQuality "1"]
[WhiteTeam "Berlin (U20)"]
[BlackTeam "Mecklenburg Vorpommern (U20)"]
[WhiteTeamCountry "GER"]
[BlackTeamCountry "GER"]

1. e4 c5 2. Nf3 Nc6 3. d4 cxd4 4. Nxd4 g6 5. c4 Nf6 6. Nc3 d6 7. Be2 Nxd4 8. Qxd4 Bg7 9. Bg5 0-0 10. Qe3 Be6 11. Rc1 Qb6 12. Qxb6 axb6 13. a4 h6 14. Bxf6 Bxf6 15. b3 Bxc3+ 16. Rxc3 g5 17. h4 Kg7 18. hxg5 hxg5 19. Rg3 f6 20. f4 Ra5 21. f5 Bf7 22. Rgh3 Rg8 23. Kd2 Re5 24. Kd3 Be8 25. Rh7+ Kf8 26. Bh5 Bxh5 27. R1xh5 Ke8 28. Rh8 Rxh8 29. Rxh8+ Kd7 30. b4 Kc6 31. Ke3 e6 32. fxe6 Rxe6 33. Kd4 Kc7 34. Rh7+ Kb8 35. Rf7 Ka8 36. Rf8+ Ka7 37. g4 b5 38. axb5 Kb6 39. Rf7 Ka7 40. c5 dxc5+ 41. bxc5 Kb8 42. b6 Kc8 43. Kd5 Rc6 44. Rg7 1-0

[Event "Mecklenburg VP VL 1516"]
[Site "Mecklenburg VP"]
[Date "2015.09.20"]
[Round "1.4"]
[White "Wecke, Thoralf"]
[Black "Fidorra, Thomas"]
[Result "1/2-1/2"]
[WhiteElo "1907"]
[BlackElo "1940"]
[PlyCount "67"]
[EventDate "2015.09.20"]
[EventType "team-tourn"]
[EventRounds "9"]
[EventCountry "GER"]
[SourceTitle "EXT 2022"]
[Source "ChessBase"]
[SourceDate "2021.10.06"]
[SourceVersion "1"]
[SourceVersionDate "2021.10.06"]
[SourceQuality "1"]
[WhiteTeam "Grevesmuehlen Blau Weiss"]
[BlackTeam "Guestrow/Teterow"]
[WhiteTeamCountry "GER"]
[BlackTeamCountry "GER"]

1. d4 Nf6 2. Bg5 c6 3. Bxf6 exf6 4. c4 d5 5. e3 Bb4+ 6. Nc3 0-0 7. Qb3 Qa5 8. cxd5 cxd5 9. Bd3 Bd7 10. a3 Bxc3+ 11. Qxc3 Qxc3+ 12. bxc3 Rc8 13. Ne2 f5 14. Rb1 b6 15. Kd2 Be6 16. Nf4 g5 17. Nxe6 fxe6 18. Rhc1 Nd7 19. Ba6 Rc7 20. c4 Nb8 21. Bb5 a6 22. Ba4 dxc4 23. Rxb6 Kf7 24. Rb4 Nd7 25. Bxd7 Rxd7 26. Rbxc4 Ke7 27. f3 Rb8 28. Rc6 Rd6 29. Rc7+ Rd7 30. Kd3 Rxc7 31. Rxc7+ Kd6 32. Rc3 Rb2 33. Rc2 Rb3+ 34. Rc3 1/2-1/2

[Event "Mecklenburg VP-ch MT"]
[Site "Greifswald"]
[Date "2015.05.03"]
[Round "7.7"]
[White "Valet, Richard"]
[Black "Fidorra, Thomas"]
[Result "1/2-1/2"]
[WhiteElo "2041"]
[BlackElo "1983"]
[PlyCount "82"]
[EventDate "2015.04.30"]
[EventType "swiss"]
[EventRounds "7"]
[EventCountry "GER"]
[SourceTitle "EXT 2023"]
[Source "ChessBase"]
[SourceDate "2022.10.05"]
[SourceVersion "1"]
[SourceVersionDate "2022.10.05"]
[SourceQuality "1"]

1. e4 c6 2. d4 d5 3. exd5 cxd5 4. Bd3 Nc6 5. c3 Qc7 6. h3 Nf6 7. Nf3 g6 8. 0-0 Bg7 9. Re1 0-0 10. Na3 a6 11. Nc2 Bf5 12. Bf1 Bxc2 13. Qxc2 b5 14. a4 Rab8 15. Bd3 Rfc8 16. Qe2 Qb6 17. Bf4 Rb7 18. Ra2 Na5 19. axb5 axb5 20. Rea1 Nc4 21. Ne5 Nh5 22. Bh2 Qf6 23. Ra8 Rf8 24. Rxf8+ Bxf8 25. Ra8 Nf4 26. Bxf4 Qxf4 27. b3 Nxe5 28. Qxe5 Qxe5 29. dxe5 Rc7 30. Bxb5 Rxc3 31. Ba4 e6 32. Rb8 Kg7 33. Rb7 Rc1+ 34. Kh2 Rc8 35. b4 Rc4 36. Be8 Bxb4 37. Bxf7 Bc3 38. Bxe6+ Kh6 39. Bg8 Bxe5+ 40. g3 Rc7 41. Bxd5 Rxb7 1/2-1/2

[Event "Mecklenburg VP-ch MT"]
[Site "Greifswald"]
[Date "2015.04.30"]
[Round "2.8"]
[White "Fidorra, Thomas"]
[Black "Patzenhauer, Max"]
[Result "1-0"]
[WhiteElo "1983"]
[BlackElo "1961"]
[PlyCount "57"]
[EventDate "2015.04.30"]
[EventType "swiss"]
[EventRounds "7"]
[EventCountry "GER"]
[SourceTitle "EXT 2023"]
[Source "ChessBase"]
[SourceDate "2022.10.05"]
[SourceVersion "1"]
[SourceVersionDate "2022.10.05"]
[SourceQuality "1"]

1. e4 e6 2. d4 d5 3. exd5 exd5 4. Bd3 Bd6 5. Ne2 Ne7 6. Bf4 Bf5 7. 0-0 0-0 8. Re1 Re8 9. c3 c6 10. Bxd6 Qxd6 11. Ng3 Bxd3 12. Qxd3 Nd7 13. Nd2 Ng6 14. Nf5 Qf6 15. Qh3 Ndf8 16. Re3 Rxe3 17. fxe3 Ne7 18. Nxe7+ Qxe7 19. Re1 Qd7 20. Qg3 Re8 21. e4 dxe4 22. Nxe4 Kh8 23. Nc5 Rxe1+ 24. Qxe1 Qc8 25. Qe7 b6 26. Ne4 Kg8 27. Qxf7+ Kh8 28. Nd6 Qd8 29. Ne8 1-0

[Event "Mecklenburg VP VL 1314"]
[Site "Mecklenburg VP"]
[Date "2014.04.06"]
[Round "8.7"]
[White "Voll, Andreas"]
[Black "Fidorra, Thomas"]
[Result "1/2-1/2"]
[WhiteElo "1807"]
[BlackElo "1847"]
[PlyCount "202"]
[EventDate "2013.10.20"]
[EventType "team-tourn"]
[EventRounds "9"]
[EventCountry "GER"]
[SourceTitle "EXT 2022"]
[Source "ChessBase"]
[SourceDate "2021.10.06"]
[SourceVersion "1"]
[SourceVersionDate "2021.10.06"]
[SourceQuality "1"]
[WhiteTeam "Schwerin SF III"]
[BlackTeam "Guestrow/Teterow"]
[WhiteTeamCountry "GER"]
[BlackTeamCountry "GER"]

1. d4 d5 2. c4 e6 3. Nf3 Nf6 4. e3 Be7 5. Bd3 0-0 6. 0-0 b6 7. cxd5 exd5 8. Nbd2 Ba6 9. Qe2 Bxd3 10. Qxd3 Re8 11. b3 Bd6 12. Bb2 Nbd7 13. Rac1 Ne4 14. Qc2 Re6 15. Nxe4 dxe4 16. Ne5 Bxe5 17. dxe5 Nc5 18. Ba1 Qh4 19. Qe2 Rh6 20. h3 Rg6 21. Kh2 Ne6 22. Rfd1 h5 23. Rc4 Qg5 24. Rg1 Qf5 25. Qc2 Nc5 26. f3 Rd8 27. b4 Qg5 28. bxc5 Qg3+ 29. Kh1 exf3 30. Rf4 fxg2+ 31. Qxg2 Qxe3 32. Rf3 Qxc5 33. Rg3 Rxg3 34. Qxg3 Qc6+ 35. Qg2 Qxg2+ 36. Rxg2 Rd1+ 37. Rg1 Rd2 38. Rg2 Rd1+ 39. Rg1 Rd3 40. Kh2 c5 41. Rg2 c4 42. e6 fxe6 43. Rxg7+ Kf8 44. Rxa7 h4 45. Bg7+ Ke8 46. Bf6 c3 47. Bxh4 Rd2+ 48. Kg3 c2 49. Rc7 Rd3+ 50. Kg4 Rd4+ 51. Kh5 Rd3 52. Rxc2 Rxh3 53. Rc6 Ra3 54. Rxe6+ Kd7 55. Re2 Kc6 56. Be7 Rf3 57. Kg4 Rf7 58. Bb4 Kb5 59. a3 Kc4 60. Re4+ Kb3 61. Re6 b5 62. Re3+ Ka4 63. Rc3 Rf1 64. Rf3 Rg1+ 65. Kf5 Rg5+ 66. Ke6 Re5+ 67. Kd7 Re3 68. Rf5 Re2 69. Kc6 Rc2+ 70. Rc5 Rg2 71. Rd5 Rc2+ 72. Kb6 Rg2 73. Bd6 Rc2 74. Rd4+ Rc4 75. Rd5 Rc1 76. Bb4 Rf1 77. Rd6 Rf5 78. Rd8 Rf6+ 79. Bd6 Rf5 80. Ra8+ Kb3 81. Ra5 Kc4 82. Ra4+ Kd5 83. Bc5 Ke6 84. Kxb5 Kd7 85. Ra7+ Kc8 86. a4 Kb8 87. Rh7 Rf1 88. a5 Rb1+ 89. Kc6 Ka8 90. Rh8+ Rb8 91. Rh7 Rb7 92. Rh8+ Rb8 93. Rh1 Rb1 94. Rh4 Rb8 95. a6 Rc8+ 96. Kb5 Kb8 97. Kb6 Ka8 98. Bd6 Rd8 99. Rh6 Rc8 100. Re6 Rd8 101. Bc7 Rd6+ 1/2-1/2

[Event "Mecklenburg VP VL 1314"]
[Site "Mecklenburg VP"]
[Date "2014.01.19"]
[Round "5.6"]
[White "Roehl, Rainer"]
[Black "Fidorra, Thomas"]
[Result "1-0"]
[WhiteElo "2031"]
[BlackElo "1847"]
[PlyCount "75"]
[EventDate "2013.10.20"]
[EventType "team-tourn"]
[EventRounds "9"]
[EventCountry "GER"]
[SourceTitle "EXT 2022"]
[Source "ChessBase"]
[SourceDate "2021.10.06"]
[SourceVersion "1"]
[SourceVersionDate "2021.10.06"]
[SourceQuality "1"]
[WhiteTeam "Schwerin SF II"]
[BlackTeam "Guestrow/Teterow"]
[WhiteTeamCountry "GER"]
[BlackTeamCountry "GER"]

1. d4 Nf6 2. Bf4 d5 3. e3 e6 4. Nf3 Be7 5. Nbd2 0-0 6. Bd3 c5 7. c3 Qb6 8. Rb1 Bd7 9. Qe2 Ba4 10. dxc5 Bxc5 11. e4 dxe4 12. Nxe4 Nbd7 13. Nxf6+ Nxf6 14. Be5 Rfd8 15. 0-0 Bc6 16. Nd4 Bxd4 17. Bxd4 Qa5 18. b4 Qd5 19. f3 e5 20. Bc4 Bb5 21. Bxb5 exd4 22. Rbd1 Qd6 23. Rxd4 Qb6 24. Rfd1 Nd5 25. Qd3 Rdc8 26. Bc4 Rxc4 27. Qxc4 Ne3 28. Qd3 Nxd1 29. Qxd1 a5 30. a3 axb4 31. axb4 Kf8 32. Kf1 Re8 33. Qd3 Qa7 34. Re4 Rc8 35. Qd6+ Kg8 36. Qd7 Qa1+ 37. Kf2 Qb2+ 38. Re2 1-0

[Event "Mecklenburg VP VL 1213"]
[Site "Mecklenburg VP"]
[Date "2013.04.28"]
[Round "9.7"]
[White "Hasselmann, Dieter"]
[Black "Fidorra, Thomas"]
[Result "0-1"]
[WhiteElo "2063"]
[BlackElo "1761"]
[PlyCount "128"]
[EventDate "2012.10.14"]
[EventType "team-tourn"]
[EventRounds "9"]
[EventCountry "GER"]
[SourceTitle "EXT 2022"]
[Source "ChessBase"]
[SourceDate "2021.10.06"]
[SourceVersion "1"]
[SourceVersionDate "2021.10.06"]
[SourceQuality "1"]
[WhiteTeam "Schwerin SF II"]
[BlackTeam "Guestrow/Teterow"]
[WhiteTeamCountry "GER"]
[BlackTeamCountry "GER"]

1. e4 c5 2. c3 Qa5 3. Nf3 d6 4. Bc4 Nf6 5. Qe2 e6 6. 0-0 Be7 7. d4 0-0 8. Bg5 cxd4 9. cxd4 Nc6 10. e5 dxe5 11. dxe5 Nd5 12. Bxd5 exd5 13. Bxe7 Nxe7 14. Nc3 Bg4 15. Rfd1 Rac8 16. Rd4 Be6 17. Rad1 Rfd8 18. Ng5 Qc7 19. Nb5 Qc2 20. R4d2 Qc4 21. Qxc4 Rxc4 22. b3 Rb4 23. Nc7 Rb6 24. Ncxe6 fxe6 25. f4 Rc8 26. Nf3 Rbc6 27. Nd4 Rb6 28. Kf2 Kf7 29. g4 g6 30. Rd3 Rc5 31. h4 Nc6 32. Nf3 h6 33. h5 Rb4 34. hxg6+ Kxg6 35. Kg3 Re4 36. Re1 Nb4 37. Rxe4 Nxd3 38. Rd4 Nc1 39. Rd2 Rc3 40. Kg2 Nd3 41. Nh4+ Kf7 42. Kh2 Nxf4 43. Rf2 Rh3+ 44. Kg1 Rxh4 45. Rxf4+ Ke7 46. Ra4 Kd7 47. Kg2 h5 48. gxh5 Rxh5 49. Rxa7 Kc6 50. a4 Rxe5 51. b4 d4 52. Ra8 d3 53. Rd8 Rd5 54. Rc8+ Kb6 55. Rc1 Rd4 56. Re1 e5 57. a5+ Kb5 58. Rxe5+ Kxb4 59. Re1 d2 60. Rd1 Kc3 61. Kf2 Kc2 62. Ke3 Rd3+ 63. Ke2 Re3+ 64. Kxe3 Kxd1 0-1

[Event "Mecklenburg VP VL 1213"]
[Site "Mecklenburg VP"]
[Date "2012.10.14"]
[Round "1.7"]
[White "Fidorra, Thomas"]
[Black "Greinert, Timo"]
[Result "0-1"]
[WhiteElo "1761"]
[BlackElo "1815"]
[PlyCount "96"]
[EventDate "2012.10.14"]
[EventType "team-tourn"]
[EventRounds "9"]
[EventCountry "GER"]
[SourceTitle "EXT 2022"]
[Source "ChessBase"]
[SourceDate "2021.10.06"]
[SourceVersion "1"]
[SourceVersionDate "2021.10.06"]
[SourceQuality "1"]
[WhiteTeam "Guestrow/Teterow"]
[BlackTeam "Torgelow Droegeheide"]
[WhiteTeamCountry "GER"]
[BlackTeamCountry "GER"]

1. e4 c6 2. Nf3 d5 3. exd5 cxd5 4. Ne5 Nc6 5. d4 Nf6 6. c3 Qb6 7. Bd3 Nxe5 8. dxe5 Ng4 9. Qe2 Bd7 10. h3 Nh6 11. Be3 Qc6 12. 0-0 Nf5 13. Na3 Nxe3 14. Qxe3 e6 15. c4 Bxa3 16. cxd5 Qxd5 17. bxa3 Bc6 18. f3 Rd8 19. Be4 Qd4 20. Qxd4 Rxd4 21. Bxc6+ bxc6 22. Rfd1 Rd5 23. Rxd5 cxd5 24. Rb1 0-0 25. Rb7 Ra8 26. Kf2 g5 27. a4 Kg7 28. a5 a6 29. Ke3 Kg6 30. Kd4 Rc8 31. Rb6 Rc4+ 32. Ke3 Kf5 33. Rxa6 Kxe5 34. Ra8 h5 35. a6 Ra4 36. a7 Rxa2 37. g3 Ra3+ 38. Ke2 f6 39. Kd2 Kd4 40. Kc2 e5 41. Kb2 Ra5 42. Kb3 Ke3 43. Kb4 Ra1 44. Kc5 d4 45. Kb6 d3 46. Rd8 d2 47. f4 gxf4 48. gxf4 exf4 0-1

[Event "Mecklenburg VP LL2 West 1112"]
[Site "Mecklenburg VP"]
[Date "2012.03.04"]
[Round "6.8"]
[White "Hung, Doan Manh"]
[Black "Fidorra, Thomas"]
[Result "1-0"]
[WhiteElo "1668"]
[BlackElo "902"]
[PlyCount "60"]
[EventDate "2011.10.02"]
[EventType "team-tourn"]
[EventRounds "9"]
[EventCountry "GER"]
[SourceTitle "EXT 2022"]
[Source "ChessBase"]
[SourceDate "2021.10.06"]
[SourceVersion "1"]
[SourceVersionDate "2021.10.06"]
[SourceQuality "1"]
[WhiteTeam "Wismar ASV Gruen-Weiss II"]
[BlackTeam "Guestrow/Teterow"]
[WhiteTeamCountry "GER"]
[BlackTeamCountry "GER"]

1. e4 c5 2. Nf3 Nc6 3. d4 cxd4 4. Nxd4 Nf6 5. Nc3 e6 6. Bc4 Bb4 7. Bg5 Qa5 8. Bxf6 Bxc3+ 9. bxc3 Qxc3+ 10. Ke2 Qxc4+ 11. Qd3 Qxd3+ 12. cxd3 gxf6 13. Nb5 Kd8 14. Nd6 Rf8 15. Rab1 a6 16. f3 Ke7 17. Nc4 b5 18. Ne3 d6 19. g4 Bd7 20. h4 Rac8 21. g5 Nd4+ 22. Kf2 f5 23. f4 Nc2 24. exf5 Nxe3 25. Kxe3 exf5 26. Rhe1 Be6 27. d4 Bxa2 28. Kd3+ Kd7 29. Rb2 Bc4+ 30. Kd2 Rfe8 1-0

[Event "Mecklenburg VP LL2 West 1112"]
[Site "Mecklenburg VP"]
[Date "2012.02.26"]
[Round "7.8"]
[White "Fidorra, Thomas"]
[Black "Bulmann, Reinhard"]
[Result "1-0"]
[WhiteElo "1668"]
[BlackElo "1436"]
[PlyCount "69"]
[EventDate "2011.10.02"]
[EventType "team-tourn"]
[EventRounds "9"]
[EventCountry "GER"]
[SourceTitle "EXT 2022"]
[Source "ChessBase"]
[SourceDate "2021.10.06"]
[SourceVersion "1"]
[SourceVersionDate "2021.10.06"]
[SourceQuality "1"]
[WhiteTeam "Guestrow/Teterow"]
[BlackTeam "Schwerin SV Einheit"]
[WhiteTeamCountry "GER"]
[BlackTeamCountry "GER"]

1. e4 d5 2. exd5 Qxd5 3. Nc3 Qa5 4. d4 c6 5. Nf3 Bg4 6. h3 Bh5 7. Be2 Nf6 8. 0-0 e6 9. Re1 Bd6 10. Nd2 Bxe2 11. Qxe2 Nbd7 12. Nc4 Qc7 13. Nxd6+ Qxd6 14. Be3 0-0 15. a3 Rfe8 16. Rad1 Qc7 17. Qd2 Nd5 18. Nxd5 exd5 19. Bf4 Qd8 20. Qb4 Qb6 21. Qxb6 Nxb6 22. b3 f6 23. Kf1 Kf7 24. Rxe8 Rxe8 25. Re1 Re6 26. g4 Nd7 27. Rxe6 Kxe6 28. Ke2 h6 29. Kd3 b5 30. Kc3 Nb6 31. Bb8 a6 32. Kb4 g6 33. Ka5 Nc8 34. Kxa6 Kd7 35. Kb7 1-0

[Event "Mecklenburg VP LL2 West 1112"]
[Site "Mecklenburg VP"]
[Date "2011.10.02"]
[Round "1.7"]
[White "Fidorra, Thomas"]
[Black "Zacharias, Uwe"]
[Result "1-0"]
[WhiteElo "1668"]
[BlackElo "1741"]
[PlyCount "23"]
[EventDate "2011.10.02"]
[EventType "team-tourn"]
[EventRounds "9"]
[EventCountry "GER"]
[SourceTitle "EXT 2022"]
[Source "ChessBase"]
[SourceDate "2021.10.06"]
[SourceVersion "1"]
[SourceVersionDate "2021.10.06"]
[SourceQuality "1"]
[WhiteTeam "Guestrow/Teterow"]
[BlackTeam "Ludwigslust Post SV"]
[WhiteTeamCountry "GER"]
[BlackTeamCountry "GER"]

1. e4 c5 2. Nf3 Nc6 3. d4 cxd4 4. Nxd4 g6 5. Nc3 Bg7 6. Be3 Nf6 7. f3 0-0 8. Qd2 d5 9. exd5 Nxd5 10. Nxd5 Qxd5 11. c4 Bxd4 12. cxd5 1-0

[Event "Mecklenburg VP-ch U16"]
[Site "Malchow"]
[Date "2011.02.07"]
[Round "5.5"]
[White "Fidorra, Thomas"]
[Black "Moews, Fabian"]
[Result "1-0"]
[WhiteElo "1684"]
[BlackElo "1318"]
[PlyCount "55"]
[EventDate "2011.02.05"]
[EventType "swiss"]
[EventRounds "7"]
[EventCountry "GER"]
[SourceTitle "EXT 2022"]
[Source "ChessBase"]
[SourceDate "2021.10.06"]
[SourceVersion "1"]
[SourceVersionDate "2021.10.06"]
[SourceQuality "1"]

1. e4 e5 2. Nf3 Nc6 3. d4 exd4 4. Nxd4 Qf6 5. Be3 Bc5 6. c3 d6 7. Bb5 Bd7 8. 0-0 Qg6 9. Re1 Bb6 10. Nxc6 Bxc6 11. Bxc6+ bxc6 12. Qa4 Ne7 13. Bxb6 cxb6 14. Na3 0-0 15. Rad1 d5 16. Qd4 Rad8 17. c4 h6 18. exd5 Nf5 19. Qe4 cxd5 20. Rxd5 Rde8 21. Re5 Rxe5 22. Qxe5 Rd8 23. Nb5 Rd3 24. Qe4 Rh3 25. g4 Rh4 26. f3 Qf6 27. Qxf5 Qxb2 28. Re8# 1-0